MARC details
| 000 -CABECERA |
| campo de control de longitud fija |
00887cam a2200229 a 4500 |
| 001 - NÚMERO DE CONTROL |
| campo de control |
000006939 |
| 005 - FECHA Y HORA DE LA ÚLTIMA TRANSACCIÓN |
| campo de control |
20200929154028.0 |
| 008 - DATOS DE LONGITUD FIJA--INFORMACIÓN GENERAL |
| campo de control de longitud fija |
900921s1989 cu b 000 0dspa |
| 040 ## - FUENTE DE LA CATALOGACIÓN |
| Centro catalogador/agencia de origen |
DO-SdBNP |
| Lengua de catalogación |
spa |
| Centro/agencia transcriptor |
BNPHU |
| 082 ## - NÚMERO DE LA CLASIFICACIÓN DECIMAL DEWEY |
| Número de clasificación |
335.098 |
| Número de documento/Ítem |
M385ch |
| 100 1# - ENTRADA PRINCIPAL--NOMBRE DE PERSONA |
| Nombre de persona |
Martínez Heredia, Fernando, |
| Fechas asociadas al nombre |
1939- |
| 9 (RLIN) |
19252 |
| 245 10 - MENCIÓN DE TÍTULO |
| Título |
Che, el socialismo y el comunismo / |
| Mención de responsabilidad, etc. |
Fernando Martínez Heredia ; edición, Magdalena Quijano. |
| 260 ## - PUBLICACIÓN, DISTRIBUCIÓN, ETC. |
| Lugar de publicación, distribución, etc. |
La Habana : |
| Nombre del editor, distribuidor, etc. |
Casa de las Américas, |
| Fecha de publicación, distribución, etc. |
1989. |
| 300 ## - DESCRIPCIÓN FÍSICA |
| Extensión |
185 p. ; |
| Dimensiones |
20 cm. |
| 504 ## - NOTA DE BIBLIOGRAFÍA, ETC. |
| Nota de bibliografía, etc. |
Bibliografía: (p. [181]-185). |
| 586 ## - NOTA DE PREMIOS |
| Nota de premios |
Premio extraordinario xxx aniversario de la revolución. |
| 586 ## - NOTA DE PREMIOS |
| Nota de premios |
Premio casa de las américas, 1989. |
| 600 10 - PUNTO DE ACCESO ADICIONAL DE MATERIA--NOMBRE DE PERSONA |
| Nombre de persona |
GUEVARA, ERNESTO, |
| Fechas asociadas al nombre |
1928-1967. |
| 9 (RLIN) |
19253 |
| 650 #4 - PUNTO DE ACCESO ADICIONAL DE MATERIA--TÉRMINO DE MATERIA |
| Término de materia o nombre geográfico como elemento de entrada |
Socialismo |
| Subdivisión geográfica |
América Latina |
| Subdivisión general |
Historia |
| Subdivisión cronológica |
SIGLO XX. |
| 9 (RLIN) |
19254 |
| 650 #4 - PUNTO DE ACCESO ADICIONAL DE MATERIA--TÉRMINO DE MATERIA |
| Término de materia o nombre geográfico como elemento de entrada |
Comunismo. |
| Subdivisión general |
América latina |
| 9 (RLIN) |
19255 |
| 700 1# - PUNTO DE ACCESO ADICIONAL--NOMBRE DE PERSONA |
| Nombre de persona |
Quijano, Magdalena, |
| Término indicativo de función/relación |
editor |
| 9 (RLIN) |
19256 |